Fr. Conceicao Rodrigues College of Engineering

Motivate to win (Record no. 24267)

MARC details
000 -LEADER
fixed length control field 00366nam a2200181Ia 4500
082 ## - DEWEY DECIMAL CLASSIFICATION NUMBER
Classification number 658.314/DEN
Item number DEN
100 ## - MAIN ENTRY--PERSONAL NAME
Personal name Denny/ Richard
250 ## - EDITION STATEMENT
Edition statement 3
245 ## - TITLE STATEMENT
Title Motivate to win
260 ## - PUBLICATION, DISTRIBUTION, ETC.
Name of publisher, distributor, etc. Kogan Page
Place of publication, distribution, etc. New Delhi
Date of publication, distribution, etc. 2008
366 ## - TRADE AVAILABILITY INFORMATION
Publishers's discount category 20
300 ## - PHYSICAL DESCRIPTION
Extent 154
546 ## - LANGUAGE NOTE
Language note ENGLISH
650 ## - SUBJECT ADDED ENTRY--TOPICAL TERM
Topical term or geographic name entry element Motivation
654 ## - SUBJECT ADDED ENTRY--FACETED TOPICAL TERMS
Focus term motivate
942 ## - ADDED ENTRY ELEMENTS (KOHA)
Koha item type BOOK
Holdings
Withdrawn status Lost status Damaged status Not for loan Collection Home library Current library Date acquired Source of acquisition Cost, normal purchase price Inventory number Total Checkouts Full call number Barcode Date last seen Cost, replacement price Price effective from Koha item type
        CRC Fr. Agnel's C.Rodrigues College of Engineering Fr. Agnel's C.Rodrigues College of Engineering 17/03/2023 United Book Distributors 156.00 6282 dt 26/03/2008   658.314/DEN DEN 18645 17/03/2023 195.00   BOOK